00355nam a2200157Ia 4500008004100000082002100041100001500062245001600077250000600093260002800099300000800127600001500135630001600150700001500166730001600181151018s9999 xx 000 0 und d bRBASDV14244a823 aP. S. Buck aDragon seed b1 bPocket Books lnc.c1948 a342 aP. S. Buck aDragon seed aP. S. Buck aDragon seed